Heat and mass resistances in polymerization of olefins over solid catalysts /

Guardado en:
Otros Autores: Floyd, Sigmund. (Disertante)
Formato: Manuscrito
Idioma:English
Publicado: 1986.
Materias:
Etiquetas: Agregar Etiqueta
Sin Etiquetas, Sea el primero en etiquetar este registro!
LEADER 00841ntm a22002295a 4500
001 EIQ.libpla002659
008 070717s1986####xxua#####bm###000#0#eng#d
005 20070717180502.0
245 1 0 |a Heat and mass resistances in polymerization of olefins over solid catalysts /  |c by Sigmund Floyd. 
260 |c 1986. 
300 |a xxii, 483 p. :  |b il., tablas ;  |c 21 cm. 
502 |a Tesis (doctorado)-- University of Wisconsin-Madison, 1986. 
500 |a Director de tesis: Prof. W. Harmon Ray. 
504 |a Incluye referencias bibliográficas. 
100 1 |a Floyd, Sigmund.  |4 dis 
710 2 |a University of Wisconsin-Madison  |4 dgg. 
650 4 |a Polímeros  |x Tesis. 
650 4 |a Polimeros  |x Olefinas. 
650 4 |a Polymers  |x Thesis. 
650 4 |a Polymers  |x Olefins. 
040 |a AR-BbSID  |b spa  |c AR-BbSID 
859 |a AR-BbSID  |b BIB. PLAPIQUI  |h 547.28  |i F 1  |p 4426